[Event "Leitersdorf op"]
[Site "Leitersdorf"]
[Date "2016.01.06"]
[Round "5"]
[White "Gutmann, Alois"]
[Black "Mosshammer, Michael"]
[Result "1-0"]
[WhiteElo "2061"]
[BlackElo "1873"]
[PlyCount "111"]
[EventDate "2016.01.02"]
[EventType "swiss"]
[EventRounds "5"]
[EventCountry "AUT"]
[SourceTitle "CBM 170 Extra"]
[Source "ChessBase"]
[SourceDate "2016.02.25"]
[SourceVersion "1"]
[SourceVersionDate "2016.02.25"]
[SourceQuality "1"]

1. Nc3 Nf6 2. e4 d6 3. d4 g6 4. Bc4 Bg7 5. f3 0-0 6. Be3 a6 7. a4 e5 8. Nge2 exd4 9. Nxd4 Bd7 10. 0-0 Nc6 11. Nxc6 Bxc6 12. Qd2 Qd7 13. a5 b5 14. axb6 cxb6 15. Bxb6 Rfb8 16. Bd4 Rxb2 17. Bb3 Qb7 18. Nd5 Nxd5 19. Bxg7 Rxb3 20. cxb3 Kxg7 21. exd5 Bxd5 22. Qd4+ Kg8 23. b4 Qa7 24. Rfd1 Bc4 25. Qxa7 Rxa7 26. Rxd6 Rb7 27. Rd4 Bb5 28. Kf2 Rc7 29. Ra2 h5 30. h4 Kg7 31. Rad2 Rc3 32. Kg3 Rc6 33. Re4 Rc3 34. Kf4 Rc6 35. Red4 Re6 36. Rd5 Rf6+ 37. Ke3 Re6+ 38. Kd4 Kf6 39. Rxb5 axb5 40. Kc5 Re5+ 41. Rd5 g5 42. hxg5+ Rxg5 43. Rxg5 Kxg5 44. Kxb5 Kf4 45. Kc4 Kg3 46. b5 Kxg2 47. b6 h4 48. b7 h3 49. b8Q h2 50. Qb2+ Kg1 51. Qc1+ Kg2 52. Qg5+ Kf1 53. Qh4 Kg1 54. Qg3+ Kh1 55. Kd4 f6 56. Ke3 1-0

[Event "Graz op-B 19th"]
[Site "Graz"]
[Date "2012.08.29"]
[Round "5"]
[White "Mosshammer, Michael"]
[Black "Haas, Rainer"]
[Result "1/2-1/2"]
[WhiteElo "1852"]
[BlackElo "1795"]
[PlyCount "134"]
[EventDate "2012.08.25"]
[EventType "swiss"]
[EventRounds "9"]
[EventCountry "AUT"]
[SourceTitle "CBM 150 Extra"]
[Source "ChessBase"]
[SourceDate "2012.10.19"]
[SourceVersion "1"]
[SourceVersionDate "2012.10.19"]
[SourceQuality "1"]

1. Nf3 d5 2. g3 Nc6 3. Bg2 e5 4. d3 Nf6 5. 0-0 Be7 6. Nbd2 0-0 7. e4 dxe4 8. dxe4 Bg4 9. c3 Qd7 10. Qb3 b6 11. Nc4 Bd6 12. Ne3 Be6 13. Qc2 h6 14. Nf5 Rad8 15. N3h4 Bc5 16. b4 Bd6 17. Rd1 Ne7 18. Nxe7+ Qxe7 19. Nf5 Bxf5 20. exf5 c5 21. b5 Qc7 22. Bb2 Be7 23. c4 Rxd1+ 24. Rxd1 Bd6 25. Qd2 Be7 26. Qe2 Bd6 27. Bc6 Nh7 28. Re1 f6 29. h4 Rd8 30. Bd5+ Kh8 31. Qh5 Qd7 32. Re4 Qe8 33. Bf7 Qf8 34. Kg2 Rd7 35. Be6 Rd8 36. Bc1 Bc7 37. Rg4 Qe7 38. Qg6 Nf8 39. Qf7 Qxf7 40. Bxf7 Nh7 41. Bd5 Bb8 42. Re4 Nf8 43. a4 Bc7 44. Re2 Kh7 45. h5 Kh8 46. f4 Nd7 47. Kf3 Nb8 48. Bb2 Re8 49. Bb7 Kg8 50. Rd2 Kf8 51. Rd5 exf4 52. gxf4 Re7 53. Bc8 Ke8 54. Be6 Kf8 55. Rd2 Ke8 56. Rg2 Nd7 57. Ke4 Kd8 58. Rg4 Bd6 59. Kd5 Bc7 60. Bc1 Ke8 61. Rg2 Nb8 62. Ra2 Kf8 63. a5 Ke8 64. axb6 axb6 65. Be3 Kd8 66. Ra8 Ke8 67. Ra7 Kd8 1/2-1/2

[Event "Graz op-B 19th"]
[Site "Graz"]
[Date "2012.08.27"]
[Round "3"]
[White "Mosshammer, Michael"]
[Black "Missethan, Michael"]
[Result "0-1"]
[WhiteElo "1852"]
[BlackElo "1915"]
[PlyCount "106"]
[EventDate "2012.08.25"]
[EventType "swiss"]
[EventRounds "9"]
[EventCountry "AUT"]
[SourceTitle "CBM 150 Extra"]
[Source "ChessBase"]
[SourceDate "2012.10.19"]
[SourceVersion "1"]
[SourceVersionDate "2012.10.19"]
[SourceQuality "1"]

1. b4 d5 2. e3 Nf6 3. Bb2 Bf5 4. c4 e6 5. a3 c5 6. Nf3 Be7 7. Qb3 Nbd7 8. d4 cxb4 9. axb4 dxc4 10. Bxc4 0-0 11. 0-0 Nb6 12. Nbd2 Ne4 13. Ra2 Nxd2 14. Nxd2 Nxc4 15. Nxc4 Be4 16. f3 Bd5 17. e4 Bxc4 18. Qxc4 Qb6 19. b5 Rfc8 20. Qd3 a5 21. bxa6 Rxa6 22. Rfa1 Rca8 23. Rxa6 Rxa6 24. Rxa6 bxa6 25. Qc3 f6 26. Kf1 a5 27. Ke2 Kf7 28. Ba3 Bxa3 29. Qxa3 Ke8 30. Kd3 Kd7 31. Qa4+ Kd6 32. Qa3+ Kc6 33. Qc3+ Kb7 34. Qa3 Ka6 35. Kc3 Qc6+ 36. Kd3 Qb5+ 37. Kc3 Qc6+ 38. Kd3 a4 39. Qe7 Qb5+ 40. Kd2 Qb2+ 41. Kd3 Qb3+ 42. Kd2 Qb6 43. Qa3 Qxd4+ 44. Ke2 Kb5 45. Qe7 Qc4+ 46. Kd1 Qf1+ 47. Kd2 Qxg2+ 48. Ke3 Qg1+ 49. Kd3 Qd1+ 50. Ke3 Qc1+ 51. Ke2 Qc4+ 52. Kd1 Qd3+ 53. Kc1 Qc3+ 0-1